Nutrition for Nursing (Record no. 33104)

MARC details
000 -LEADER
fixed length control field 00391nam a2200157Ia 4500
020 ## - INTERNATIONAL STANDARD BOOK NUMBER
ISBN 9781565335721
100 ## - STATEMENT OF RESPONSIBILITY--MAIN AUTHOR NAME
Personal name Assessment Technologies Institute
245 #0 - TITLE STATEMENT
Title Nutrition for Nursing
250 ## - EDITION / VOLUME STATEMENT
Edition / Volume statement 6th ed.
260 ## - PUBLICATION, DISTRIBUTION, ETC. (IMPRINT)
Year of publication 2016
300 ## - PHYSICAL DESCRIPTION
Number of Pages 100 p
650 ## - SUBJECT ADDED ENTRY--TOPICAL TERM
Topical Term Diet therapy. Nutrition. Nursing.
942 ## - ADDED ENTRY ELEMENTS (KOHA)
Koha item type Books
Holdings
Withdrawn status Lost status Source of classification or shelving scheme Damaged status Not for loan Permanent Location Current Location Date acquired Accession Number Price effective from Koha item type
    Library of Congress Classification     NILE UNIVERSITY OF NIGERIA - MAIN LIBRARY NILE UNIVERSITY OF NIGERIA - MAIN LIBRARY 04/23/2025 0194909 04/23/2025 Books